License Plates of South America - Statistics

General Stats
  • This quiz has been taken 169 times
  • The average score is 11 of 12
Answer Stats
Picture Answer % Correct
Argentina
98%
Peru
98%
Brazil
96%
Colombia
95%
Bolivia
94%
Uruguay
93%
Paraguay
92%
Venezuela
92%
Chile
88%
Ecuador
85%
Guyana
83%
Suriname
82%
No matching quizzes found
Score Distribution
Percent of People with Each Score
Percentile by Number Answered
Your Score History
You have not taken this quiz